Online
Catalog

Discurso pronunciado por el generalisimo Doctor Rafael Leónidas Trujillo Molina, en su visita a la región del sur con motivo de la inauguración del Canal de Riesgo de Matayaya (Record no. 52449)

MARC details
000 -CABECERA
campo de control de longitud fija 01013nam a22002537a 4500
003 - IDENTIFICADOR DEL NÚMERO DE CONTROL
campo de control DO-SdBNP
005 - FECHA Y HORA DE LA ÚLTIMA TRANSACCIÓN
campo de control 20220922144758.0
007 - CAMPO FIJO DE DESCRIPCIÓN FÍSICA--INFORMACIÓN GENERAL
campo de control de longitud fija ta
008 - DATOS DE LONGITUD FIJA--INFORMACIÓN GENERAL
campo de control de longitud fija 220922b1936 |||c|||e l||| 00| s spa d
040 ## - FUENTE DE LA CATALOGACIÓN
Centro catalogador/agencia de origen DO-SdBNP
Lengua de catalogación spa
Centro/agencia transcriptor BNPHU
041 ## - CÓDIGO DE LENGUA
Código de lengua original spa
082 #1 - NÚMERO DE LA CLASIFICACIÓN DECIMAL DEWEY
Número de edición 22
Número de clasificación 320.97293
Número de documento/Ítem R426d
110 #1 - ENTRADA PRINCIPAL--NOMBRE DE ENTIDAD CORPORATIVA
Nombre de entidad corporativa o nombre de jurisdicción como elemento de entrada República Dominicana.
Unidad subordinada Presidente 1981-1989
9 (RLIN) 82417
130 #1 - ENTRADA PRINCIPAL--TÍTULO UNIFORME
Título uniforme Discurso
9 (RLIN) 39147
245 10 - MENCIÓN DE TÍTULO
Título Discurso pronunciado por el generalisimo Doctor Rafael Leónidas Trujillo Molina, en su visita a la región del sur con motivo de la inauguración del Canal de Riesgo de Matayaya
260 ## - PUBLICACIÓN, DISTRIBUCIÓN, ETC.
Lugar de publicación, distribución, etc. San Juan de la Maguana :
Nombre del editor, distribuidor, etc. [s.n.],
Fecha de publicación, distribución, etc. 1936
300 ## - DESCRIPCIÓN FÍSICA
Extensión 8 p. :
Otras características físicas retr.;
Dimensiones 22 cm.
650 #4 - PUNTO DE ACCESO ADICIONAL DE MATERIA--TÉRMINO DE MATERIA
Término de materia o nombre geográfico como elemento de entrada Discurso
9 (RLIN) 82418
650 #4 - PUNTO DE ACCESO ADICIONAL DE MATERIA--TÉRMINO DE MATERIA
9 (RLIN) 30670
Término de materia o nombre geográfico como elemento de entrada Discursos presidenciales
Subdivisión geográfica República Dominicana
651 #4 - PUNTO DE ACCESO ADICIONAL DE MATERIA--NOMBRE GEOGRÁFICO
9 (RLIN) 26116
Nombre geográfico República Dominicana
Subdivisión general Política y gobieno
-- Discurso
Subdivisión cronológica 1936 -
700 #1 - PUNTO DE ACCESO ADICIONAL--NOMBRE DE PERSONA
Nombre de persona Trujillo Molina, Rafael Leónidas
Fechas asociadas al nombre 1891-1961
Término indicativo de función/relación Presidente
-- Benefactor
Título de la obra Discurso
9 (RLIN) 82419
942 ## - ELEMENTOS DE PUNTO DE ACCESO ADICIONAL (KOHA)
Fuente del sistema de clasificación o colocación Dewey Decimal Classification
Tipo de ítem Koha Libro
956 ## - LOCALIZACIÓN Y ACCESO ELECTRÓNICOS LOCAL (OCLC)
Nombre del host Inventariado, 2022 / SA
Holdings
Estado de retiro Estado de pérdida Fuente del sistema de clasificación o colocación Restricciones de uso No para préstamo Código de colección Localización permanente Ubicación/localización actual Ubicación en estantería Fecha de adquisición Fuente de adquisición Total de préstamos Signatura topográfica completa Código de barras Fecha visto por última vez Precio válido a partir de Tipo de ítem Koha
    Dewey Decimal Classification Excluido de préstamo   Patrimonio Dominicano Raros y Valiosos Biblioteca Nacional Pedro Henríquez Ureña Biblioteca Nacional Pedro Henríquez Ureña En catalogación 22.09.2022 Donado   BNPHU PD - RV 320.97293 R426d 2022-4047 22.09.2022 22.09.2022 Libro

Powered by Koha